| 000 | 00769nam a2200253Ia 4500 | ||
|---|---|---|---|
| 003 | OSt | ||
| 005 | 20221006143957.0 | ||
| 006 | a|||||r|||| 00| 0 | ||
| 007 | ta | ||
| 008 | 221006b |||||||| |||| 00| 0 eng d | ||
| 020 |
_c _2.25 |
||
| 024 | _a10,540 | ||
| 037 | _cTextual | ||
| 040 |
_aEASL _cEASL _beng |
||
| 041 |
_2eng _aeng |
||
| 082 | _aW,4N21(Y:48)0bY49.N66, K8 | ||
| 100 | _aJOHNSON Chalmers | ||
| 245 | 0 |
_aChinese communist leadership and mass response _b The Yenan period and the socialist ieducation campaign period |
|
| 260 |
_aBerkeley _bCenter for Chinese Studies _c1968 |
||
| 300 |
_aVarious _ccm. |
||
| 490 | _v CEL | ||
| 942 |
_hW,4N21(Y:48)0bY49.N66, K8 _cTEXL _2CC |
||
| 999 |
_c1078626 _d1078626 |
||